04803cam a22016814i 4500003000900000005001700009008004100026035001900067040003300086082002000119110006700139245006500206264004300271300003900314336002100353337002500374338002300399490005100422505149000473526000901963526000901972526001001981526001001991526001002001526001002011526001002021526001002031526001002041526001002051526001002061526001002071526001002081526001002091526001002101526001002111526001002121526001002131526001002141526001002151526001002161526001002171526001002181526001002191526001002201526001002211526001002221526001002231526001002241526001002251526001002261526001002271526001002281526001002291526001002301526001002311526001002321526001002331526001002341526001002351526001002361526001002371526001002381526001002391526001002401526001002411526001002421526000902431526000902440526000902449526000902458526000902467526000902476526000902485526000902494526000902503526000902512526000902521526000902530526000902539526000902548526000902557526000902566526000902575526000902584526000902593526000902602526000902611526000902620526000902629526000902638526000902647526000902656526000902665526000902674526000902683526000902692526000902701526000902710526001002719526000902729526000902738526000902747526000902756526000902765526000902774526000902783526000802792526000802800526000802808526000802816526000802824526000802832526000802840526000802848526000802856526000802864526000802872526000802880526000802888526000802896526000902904526000802913526000802921526000802929526000802937526000802945526000902953526000802962526000802970526000802978526000802986526000802994526000903002526000803011526000803019526000903027526000803036526000803044526000803052526000803060650002103068650003203089PE-LiUPU20250813165652.0150625s1972    nyu     r     000 0 spa d  a(Sirsi) a37987  aPE-LiUPUbspacPE-LiUPUerda04a651.74bM292212 aOrganizacion de las Naciones Unidas para Desarrollo Industrial10aPautas para la evaluación de proyectos /cNaciones Unidas. 1aNueva york :bNaciones Unidas,c1972 .  a415 páginas ;c24 centímetros.  atext2rdacontent  aunmediated2rdamedia  avolume2rdacarrier0 aFormulación y evaluación de proyectos ;v20 aIntroducción a la metodología del análisis de beneficios y costos nacionales. -Base conceptual del análisis de beneficios y costos sociales. -La rentabilidad comercial y sus limitaciones. -La rentabilidad económica nacional. -Aplicación de la metodología a nivel de proyectos. -El objetivo de consumo global: medición de los beneficios directos. -El objetivo de consumo global:  medición de los costos directos. -Medición de los beneficios y costos indirectos. -El objetivo de redistribución. -El objetivo del empleo. -Recapitulación del beneficio neto total del proyecto. -La evaluación de proyectos en condiciones de incertidumbre. -Aplicación de la metodología a nivel de la planificación activa. -Función de la planificación nacional en la formulación y evaluación de proyectos. - Los parámetros nacionales: sentido, significación y derivación. -La opción intertemporal: La tasa de actualización social. -El salario de cuetas en una economìa con excedentes de mano de obra. -El valor de las divisas. -Coordinación de las decisiones sobre inversión. -El conflicto y la opción: recapitulación. -Estudios de casos concretos. -Análisis de beneficios y costos sociales de una fábrica de celulosa y papel en Sarania. -Análisis de beneficios y costos sociales de una fábrica de productos químicos en Palavia. -Análisis de beneficios y costos del proyecto de presa de Managua. -Fábrica de tablero de fibra en Oasis.  aP203  aP200  aSEG65  aSEG64  aSEG63  aSEG62  aSEG61  aSEG60  aSEG59  aSEG58  aSEG57  aSEG56  aSEG55  aSEG54  aSEG53  aSEG52  aSEG51  aSEG50  aSEG49  aSEG48  aSEG47  aSEG46  aSEG24  aSEG23  aSEG22  aSEG21  aSEG20  aSEG19  aSEG18  aSEG17  aSEG16  aSEG14  aSEG13  aSEG12  aSEG11  aSEG10  aSEG09  aSEG06  aSEG05  aSEG04  aSEG03  aSEG02  aSEG68  aSEG66  aSEG45  aSEG25  aSEG01  aP163  aP162  aP161  aP160  aP159  aP158  aP157  aP156  aP155  aP154  aP153  aP152  aP151  aP150  aP149  aP142  aP141  aP140  aP139  aP138  aP137  aP132  aP131  aP130  aP126  aP125  aP124  aP123  aP115  aP122  aP121  aP116  a P114  aP112  aP111  aP104  aP103  aP102  aP101  aP100  aP96  aP95  aP93  aP92  aP91  aP88  aP83  aP82  aP79  aP78  aP75  aP74  aP71  aP69  a P51  aP49  aP48  aP47  aP33  aP31  a P30  aP29  aP27  aP26  aP25  aP24  a P22  aP10  aP09  a P08  aP06  aP05  aP04  aP0104aPlanificación.04aPERT (Análisis de redes).